zZará, visual artist : (Registro nro. 193860)
[ vista simple ]
| 000 -LEADER | |
|---|---|
| campo de control de longitud fija | 02015nam a2200409 i 4500 |
| 001 - NÚMERO DE CONTROL | |
| campo de control | 193860 |
| 003 - IDENTIFICADOR DE NÚMERO DE CONTROL | |
| campo de control | SpMaBN |
| 005 - FECHA Y HORA DE LA ÚLTIMA TRANSACCIÓN | |
| campo de control | 20250825062649.0 |
| 008 - DATOS DE LONGITUD FIJA--INFORMACIÓN GENERAL | |
| campo de control de longitud fija | 240201s2022 sp a | |||| 000 0 eng |
| 015 ## - NÚMERO DE BIBLIOGRAFÍA NACIONAL | |
| Número de bibliografía nacional | MON22 |
| 017 ## - NÚMERO DE COPYRIGHT O DE DEPÓSITO LEGAL | |
| Número de copyright o de depósito legal | M 16448-2022 |
| Agencia que asigna | Oficina Depósito Legal Madrid |
| 020 ## - NÚMERO INTERNACIONAL ESTÁNDAR DEL LIBRO | |
| Número Internacional Estándar del Libro | 9788409419296 |
| 040 ## - FUENTE DE CATALOGACIÓN | |
| Centro catalogador/agencia de origen | SpMaBN |
| Lengua de catalogación | spa |
| Centro/agencia transcriptor | SpMaBN |
| Normas de descripción | rda |
| 080 ## - NÚMERO DE LA CLASIFICACIÓN DECIMAL UNIVERSAL | |
| Número de la Clasificación Decimal Universal | 929 zZará |
| 080 ## - NÚMERO DE LA CLASIFICACIÓN DECIMAL UNIVERSAL | |
| Número de la Clasificación Decimal Universal | 7 zZará |
| 100 1# - ENTRADA PRINCIPAL--NOMBRE DE PERSONA | |
| Nombre de persona | Zzará, Zeta |
| 9 (RLIN) | 171364 |
| Término indicativo de función/relación | Artista |
| 245 10 - MENCIÓN DEL TÍTULO | |
| Título | zZará, visual artist : |
| Resto del título | retrospective 1968-2018 / |
| Mención de responsabilidad, etc. | texts, Carlos Delgado [y otros seis]. |
| 264 #1 - PRODUCCIÓN, PUBLICACIÓN, DISTRIBUCIÓN, FABRICACIÓN Y COPYRIGHT | |
| Producción, publicación, distribución, fabricación y copyright | Madrid : |
| Nombre del de productor, editor, distribuidor, fabricante | Kurt Daniel Zaugg, |
| Fecha de producción, publicación, distribución, fabricación o copyright | [2022]. |
| 300 ## - DESCRIPCIÓN FÍSICA | |
| Extensión | 257 páginas : |
| Otras características físicas | principalmente ilustraciones, fotografía (color) ; |
| Dimensiones | 27 cm. |
| 336 ## - TIPO DE CONTENIDO | |
| Término de tipo de contenido | Imagen fija |
| -- | Texto |
| Fuente | rdacontent |
| 337 ## - TIPO DE MEDIO | |
| Nombre/término del tipo de medio | sin mediación |
| Fuente | rdamedia |
| 338 ## - TIPO DE SOPORTE | |
| Nombre/término del tipo de soporte | volumen |
| Fuente | rdacarrier |
| 500 ## - NOTA GENERAL | |
| Nota general | "Documents of a large art exhibition in the GROSSE HALL in Bern of over 200 works on a area of 400 square meters, prevented by squatters" |
| 500 ## - NOTA GENERAL | |
| Nota general | Acceso a traducción al español de los textos explicativos y títulos de las obras, así como de una selección de críticas de arte y otros textos mediante códigos QR |
| 520 ## - RESUMEN, ETC. | |
| Sumario, etc. | La libertad con que zZARÁ maneja sus fundamentos de creatividad hace que, independientemente de los materiales o las técnicas utilizadas, sus obras se conviertan en cuadros y objetos de gran envergadura que invitan a reflexionar.<br/><br/>Carlos Delgado, Historiador y crítico de arte |
| 546 ## - NOTA DE IDIOMA | |
| Nota de lengua/lenguaje | Texto en inglés, español y alemán |
| 600 14 - PUNTO DE ACCESO ADICIONAL DE MATERIA--NOMBRE DE PERSONA | |
| Nombre de persona | Zzará, Zeta |
| Fuente del encabezamiento o término | embne |
| 9 (RLIN) | 171364 |
| 655 #7 - TERMINO DE INDIZACIÓN--GENERO/FORMA | |
| Datos o término principal de género/forma | Libros ilustrados |
| Fuente del término | tgfbne |
| 9 (RLIN) | 193653 |
| 700 1# - ENTRADA AGREGADA--NOMBRE PERSONAL | |
| Nombre de persona | Delgado, Carlos, |
| Fechas asociadas al nombre | 1979- |
| 9 (RLIN) | 171366 |
| Término indicativo de función/relación | Autor |
| 852 ## - LOCALIZACIÓN | |
| Ubicación | Es-Maacl |
| Sublocalización o colección | R.154999 |
| Ubicación en estantería | Depósito J |
| Número de control de estantería | N-9736 |
| Donativo/Legado | Donación: Editorial |
| Encuadernación | Encuadernación rústica con solapas |
| itemnumber | 205405 |
| 942 ## - ELEMENTOS DE ENTRADA SECUNDARIOS (KOHA) | |
| Tipo de ítem Koha | Libro impreso |
| Suprimir en OPAC | No |
| Estatus retirado | Estado de pérdida | Fuente del sistema de clasificación o colocación | Estado de daño | No para préstamo | Biblioteca de origen | Biblioteca actual | Ubicación en estantería | Fecha de adquisición | Fuente de adquisición | Total de préstamos | Signatura topográfica completa | Código de barras | Visto por última vez | Precio de reemplazo | Tipo de ítem Koha |
|---|---|---|---|---|---|---|---|---|---|---|---|---|---|---|---|
| Clasificación decimal universal | Biblioteca del Ateneo de Madrid | Biblioteca del Ateneo de Madrid | Depósito J | 11/05/2025 | Donación | N-9736 | 101230057 | 11/05/2025 | 11/05/2025 | Libro impreso |
